000 00299nam a22001337a 4500
008 181022b xxu||||| |||| 00| 0 eng d
020 _a9780495597667
041 _aeng
080 _a004
100 _a28
101 _aSHKI
245 _aA Simple Guide to SPSS
_cKirkpatrick, L.A
942 _2udc
_cBK
999 _c50489
_d50489